All 1M Cities Starting with “P” to Country - Statistics

General Stats
  • This quiz has been taken 274 times
  • The average score is 22 of 25
Answer Stats
City Country % Correct
Paris France
100%
Panama City Panama
99%
Philadelphia United States
99%
Perth Australia
98%
Phoenix United States
98%
Pingxiang China
97%
Pittsburgh United States
97%
Portland United States
97%
Pyongyang North Korea
96%
Phnom Penh Cambodia
95%
Prague Czech Republic
95%
Porto Portugal
93%
Port-au-Prince Haiti
92%
Pune India
87%
Puebla Mexico
87%
Patna India
86%
Peshawar Pakistan
84%
Porto Alegre Brazil
83%
Palembang Indonesia
79%
Port Elizabeth South Africa
79%
Perm Russia
75%
Pekanbaru Indonesia
67%
Putian China
65%
Port Harcourt Nigeria
61%
Pointe-Noire Republic of the Congo
49%
No matching quizzes found
Score Distribution
Percent of People with Each Score
Percentile by Number Answered
Your Score History
You have not taken this quiz